Eurovision 2025 - Artists & Songs - Statistics

General Stats
  • This quiz has been taken 218 times
    104 since last reset
  • The average score is 58 of 74
Answer Stats
Hint Answer % Correct
Estonia Tommy Cash
95%
Iceland Væb
95%
Estonia Espresso Macchiato
93%
Iceland Róa
93%
Poland Gaja
92%
Australia Go-Jo
91%
Austria JJ
91%
Belgium Red Sebastian
91%
Austria Wasted Love
91%
Norway Lighter
89%
Australia Milkshake Man
89%
Sweden Bara bada bastu
88%
Netherlands C’est la vie
88%
Ireland Emmy
87%
Finland Ich komme
87%
Sweden KAJ
87%
Belgium Strobe Lights
87%
Armenia Survivor
87%
Ukraine Bird of Pray
86%
Norway Kyle Alessandro
86%
Ireland Laika Party
86%
San Marino Tutta l'Italia
86%
Germany Baller
84%
Cyprus Shh
84%
Albania Zjerm
84%
Netherlands Claude
83%
Finland Erika Vikman
83%
San Marino Gabry Ponte
83%
Denmark Hallucination
83%
Croatia Poison Cake
83%
Denmark Sissal
83%
Greece Asteromáta
80%
Czechia Kiss Kiss Goodbye
80%
Slovenia Klemen
80%
France maman
80%
Spain Melody
80%
Portugal Napa
80%
Armenia Parg
80%
Azerbaijan Run with U
80%
Spain Esa diva
79%
Greece Klavdia
79%
Switzerland Voyage
79%
Serbia Mila
78%
Israel New Day Will Rise
78%
Malta Kant
76%
Serbia Princ
76%
United Kingdom Remember Monday
76%
Lithuania Tavo akys
76%
Ukraine Ziferblat
76%
Slovenia How Much Time Do We Have Left?
75%
Luxembourg Laura Thorn
75%
France Louane
75%
Malta Miriana Conte
75%
Cyprus Theo Evan
75%
United Kingdom What the Hell Just Happened?
75%
Switzerland Zoë Më
75%
Lithuania Katarsis
74%
Georgia Freedom
72%
Czechia Adonxs
71%
Portugal Deslocado
71%
Italy Lucio Corsi
71%
Azerbaijan Mamagama
71%
Germany Abor & Tynna
70%
Latvia Bur man laimi
70%
Montenegro Dobrodošli
70%
Israel Yuval Raphael
70%
Luxembourg La poupée monte le son
64%
Montenegro Nina Žižić
64%
Latvia Tautumeitas
62%
Croatia Marko Bošnjak
61%
Albania Shkodra Elektronike
59%
Italy Volevo essere un duro
59%
Poland Justyna Steczkowska
55%
Georgia Mariam Shengelia
46%
No matching quizzes found
Score Distribution
Percent of People with Each Score
Percentile by Number Answered
Your Score History
You have not taken this quiz since the last reset